| 000 | 00991nam a2200265 a 4500 | ||
|---|---|---|---|
| 003 | DO-SdBNP | ||
| 005 | 20250205122719.0 | ||
| 007 | ta | ||
| 008 | 180518s2013 dr a 000 spa d | ||
| 020 | _a9789945165760 | ||
| 040 |
_aDO-SdBNP _bspa _cBNPHU |
||
| 082 | 4 |
_a344.7293099 _bM878L _222 |
|
| 100 | 1 |
_aMorrison Fortunato, Heriberto _977409 |
|
| 245 | 1 | 0 |
_aLegislación deportiva dominicana y estudio comparado / _cHeriberto Morrison Fortunato ; prólogo César Pina Toribio. |
| 260 |
_aSanto Domingo : _bBúho, _c2013. |
||
| 300 |
_a174 p. _bil., fots. ; _c22 cm. |
||
| 500 | _aIncluye datos biográficos del autor en las solapas | ||
| 500 | _aIncluye referencias bibliográficas y notas al pie de las páginas. | ||
| 504 | _aBibliografía : p. 171-174 | ||
| 590 | _aInventariado, 2022/BT | ||
| 650 | 4 |
_aDeportes _xLegislación _zRepública Dominicana _982965 |
|
| 700 | 1 |
_aPina Toribio, César _epról. _916867 |
|
| 910 | _aBtavárez/Validado. Control de calidad MFF | ||
| 942 |
_2ddc _cLBS1 |
||
| 999 |
_c46910 _d46910 |
||